LEADER 00657nam a2200193 i 4500 001 000000244685 003 CaOOAMICUS 005 20150813000000.0 008 150813s1838 it u000 u ita u 013 $a223590 040 $aSeMil$bita 245 10$aVol. 2. 300 $a232 p. 773 0 $aMarino : da Cadore <1745-1827>$tPanegirici, discorsi morali, e prediche quaresimali.$dVenezia : Tipografia Francesco Andreola, 1838.$g2$w()32437 850 $aSeMil 852 $aSeMil$W1$xVenegono$y1$m3F V 139 FA$j195031$B195031$CSeMilBibl$Z2$F205671 $8I 941 1 $a10 961 $aRecupero: Mantegazza 996 $6245$aVol. 2$9(OLS)http://semarc/title/13458 LEADER 00622nam a2200181 i 4500 001 000000103551 003 CaOOAMICUS 005 20011008000000.0 008 011008n it u000 u ita u 013 $a75722 040 $aSeMil$bita 245 10$aVolume 4. 300 $aXXIX, 869 p., [26] c. di tav., [2] c. di tav. ripieg. 500 $aContiene : Bibliografia [sezioni]. 773 0 $tStoria delle letterature d'Oriente.$dMilano : Vallardi, 1969.$w()6706 850 $aSeMil 852 $aSeMil$W1$xVenegono$y1$mSL1.D VIII 12$j60012$B60012$CSeMilBibl$Z2$F44488 $8I 996 $6245$aVolume 4$9(OLS)http://semarc/title/23965